000 00289nam a22001337a 4500
008 170308b xxu||||| |||| 00| 0 eng d
020 _a9780534568269
041 _aeng
080 _24 ED
_a611
100 _a6
101 _aSHM
245 _aHUMAN PHYSIOLOGY
_cSHERWOOD.L
942 _2udc
_cBK
999 _c7246
_d7246